Electtricity, principles, practice, experiments (Record no. 544445)
[ view plain ]
| 000 -LEADER | |
|---|---|
| fixed length control field | 00425nam a22001337a 4500 |
| 082 ## - DEWEY DECIMAL CLASSIFICATION NUMBER | |
| Classification number | 537 |
| Author Mark | SIS |
| -- | L-6, P-7 |
| 100 ## - MAIN ENTRY--PERSONAL NAME | |
| Personal name | Siskind, Charles S. |
| 9 (RLIN) | 40075 |
| 245 ## - TITLE STATEMENT | |
| Title | Electtricity, principles, practice, experiments |
| Statement of responsibility, etc. | Siskind, Charles S. |
| 260 ## - PUBLICATION, DISTRIBUTION, ETC. | |
| Place of publication, distribution, etc. | New York |
| Name of publisher, distributor, etc. | McGraw Hill Book Company,Inc |
| Date of publication, distribution, etc. | 1947 |
| 300 ## - PHYSICAL DESCRIPTION | |
| Extent | ix, 441 p. : |
| Other physical details | ill, ; |
| Dimensions | 20 Cm. |
| 526 ## - STUDY PROGRAM INFORMATION NOTE | |
| Program name | 0 |
| Interest level | 0 |
| Reading level | 0 |
| Title point value | 537_000000000000000_SIS |
| 650 ## - SUBJECT ADDED ENTRY--TOPICAL TERM | |
| Topical term or geographic name entry element | MCE |
| 9 (RLIN) | 379 |
| 942 ## - ADDED ENTRY ELEMENTS (KOHA) | |
| Source of classification or shelving scheme | |
| Koha item type | Book |
| Withdrawn status | Lost status | Source of classification or shelving scheme | Damaged status | Not for loan | Permanent Location | Current Location | Date acquired | Total Checkouts | Full call number | Barcode | Date last seen | Price effective from | Koha item type |
|---|---|---|---|---|---|---|---|---|---|---|---|---|---|
| Military College of Engineering (MCE) | Military College of Engineering (MCE) | 04/18/2014 | 537 SIS | MCE-40629 | 04/18/2014 | 04/18/2014 | Book |
